| 000 | 00832cam a22002777a 4500 | ||
|---|---|---|---|
| 003 | CHAP | ||
| 005 | 20220329133832.0 | ||
| 008 | 971013s r 00010 d | ||
| 010 | _a11583 | ||
| 011 | _a12555 | ||
| 035 | _a15741 | ||
| 040 | _cCHAP | ||
| 090 | _aR-3077 | ||
| 100 | 0 | 0 |
_aMalagamba, Patricio. _969981 |
| 245 | 0 | _aPotato production from true seed in tropical climates | |
| 500 | _aSobretiro de : Hortscience 23 (3) : 495-510, 1988 | ||
| 590 |
_aBATCH-UPD _b10 _c20130110 _lUCH01 _h1545 |
||
| 590 |
_aBATCH-UPD _b10 _c20130410 _lUCH01 _h0945 |
||
| 590 |
_aBATCH-UPD _b10 _c20130914 _lUCH01 _h1740 |
||
| 590 |
_aCONVERSION _b10 _c20130109 _lUCH01 _h1308 |
||
| 650 | 1 | 4 |
_aPapa _xSemilla. _985288 |
| 650 | 1 | 4 |
_aPapa _xTrĂ³picos. _985297 |
| 901 | _aBK | ||
| 942 | _cREIMP | ||
| 949 |
_aR-3077 _bBC _cR _d-27950 _eTS1 _i15741 _mD _si |
||
| 999 |
_c11583 _d11583 |
||